| 000 | 00558nam a2200205 a 4500 | ||
|---|---|---|---|
| 005 | 20250430063805.0 | ||
| 008 | 040301s1997 mx r 000 0 spa d | ||
| 020 | _a9682455898 | ||
| 035 | _aUPN01000132310 | ||
| 049 | _aCG | ||
| 050 | 4 |
_aPN4775 _bF5.3 |
|
| 100 | 1 | _aFilippi, Emilio | |
| 245 | 1 | 0 |
_aFundamentos del periodismo / _cEmilio Filippi. |
| 260 |
_aMéxico : _bTrillas, _cc1997. |
||
| 300 | _a101 p. | ||
| 440 | 0 | _aPeriodismo latinoamericano | |
| 650 | 4 |
_aPeriodismo _910230 |
|
| 650 | 4 |
_aPeriodismo _xAspectos sociales _913544 |
|
| 905 | _aLibro | ||
| 999 |
_c104465 _d104465 |
||